Project management agreement and conditions of engagement (Record no. 92579)

MARC details
000 -LEADER
fixed length control field 01043cam a2200253 4500
008 - FIXED-LENGTH DATA ELEMENTS--GENERAL INFORMATION
fixed length control field 090401t1989 xxu||||| |||| 00| 0 eng d
020 ## - INTERNATIONAL STANDARD BOOK NUMBER
International Standard Book Number 085406432X
035 ## - SYSTEM CONTROL NUMBER
System control number (Sirsi) u49598
041 ## - LANGUAGE CODE
Language code of text/sound track or separate title eng
050 ## - LIBRARY OF CONGRESS CALL NUMBER
Classification number 658.404
-- 18
090 ## - LOCALLY ASSIGNED LC-TYPE CALL NUMBER (OCLC); LOCAL CALL NUMBER (RLIN)
Classification number (OCLC) (R) ; Classification number, CALL (RLIN) (NR) RICS 1989/43 ABCD
110 ## - MAIN ENTRY--CORPORATE NAME
Corporate name or jurisdiction name as entry element Royal Institution of Chartered Surveyors
9 (RLIN) 4900
245 ## - TITLE STATEMENT
Title Project management agreement and conditions of engagement
260 ## - PUBLICATION, DISTRIBUTION, ETC.
Place of publication, distribution, etc. London
Name of publisher, distributor, etc. RICS
Date of publication, distribution, etc. 1989
300 ## - PHYSICAL DESCRIPTION
Extent 12p.
Dimensions 30cm.
350 ## - PRICE (NR) (BK AM CF MU VM SE) [OBSOLETE]
Price 2.95
490 ## - SERIES STATEMENT
Series statement RICS Conditions of Engagement
520 ## - SUMMARY, ETC.
Summary, etc. To be read in conjunction with "Project management agreement and conditions of engagement : guidance note for use in conjuction with the memorandum of agreement between client and project manager and conditions of engagement" (ISBN 0854064338).
520 ## - SUMMARY, ETC.
Summary, etc. Superseded by second edition "Project management agreement and conditions of engagement May 1992" (M71).
690 ## - LOCAL SUBJECT ADDED ENTRY--TOPICAL TERM (OCLC, RLIN)
Topical term or geographic name as entry element Project management
9 (RLIN) 6261
710 ## - ADDED ENTRY--CORPORATE NAME
Corporate name or jurisdiction name as entry element Project Management Diploma Association
9 (RLIN) 771
942 ## - ADDED ENTRY ELEMENTS (KOHA)
Suppress in OPAC 0
948 ## - LOCAL PROCESSING INFORMATION (OCLC); SERIES PART DESIGNATOR (RLIN)
c (OCLC) 04/03/1997
Holdings
Withdrawn status Lost status Source of classification or shelving scheme Damaged status Not for loan Home library Current library Shelving location Date acquired Cost, normal purchase price Total Checkouts Full call number Barcode Date last seen Copy number Cost, replacement price Price effective from Koha item type Date last checked out
    Dewey Decimal Classification     London London RICS Boxes 14/09/1999 2.95   RICS 1989/43 30019341 06/08/2019 1 2.95 06/08/2019 Reference material  
    Dewey Decimal Classification     London London RICS Boxes 14/09/1999 2.95   RICS 1989/43 30019345 06/08/2019 2 2.95 06/08/2019 Book  
    Dewey Decimal Classification     London London RICS Boxes 14/09/1999 2.95   RICS 1989/43 30022757 06/08/2019 3 2.95 06/08/2019 Archive  
    Dewey Decimal Classification     London London RICS Boxes 22/05/1995 2.95 1 RICS 1989/43 30045782 06/08/2019 4 2.95 06/08/2019 Book 11/07/2000